[Event "TCh-TUR 2011"]
[Site "Konya TUR"]
[Date "2011.07.05"]
[Round "9"]
[White "Duman, Aydin"]
[Black "Salepci, Osman Firat"]
[Result "1-0"]
[WhiteElo "2188"]
[BlackElo "2154"]
[WhiteTeam "Mersin Ezgi Satranc Kulubu"]
[BlackTeam "Celikkol Turizm Pamukkale Universitesi S.K."]
[WhiteFideId "6301304"]
[BlackFideId "6302343"]
[EventDate "2011.06.28"]

1. e4 e5 2. Nf3 Nc6 3. Bc4 Nf6 4. d3 Be7 5. O-O d6 6. c3 Na5 7. Bb5+ Bd7 8.
Bxd7+ Qxd7 9. Nbd2 O-O 10. Re1 Nc6 11. Nf1 h6 12. Ng3 Rfe8 13. Nf5 Bf8 14. N3h4
d5 15. Qf3 dxe4 16. dxe4 Qe6 17. g4 g6 18. Bxh6 gxf5 19. gxf5 Qc4 20. b3 Qc5 21.
Qg2+ Kh8 22. Be3 Qa3 23. Bh6 Qc5 24. Be3 Qa3 25. Kh1 Be7 26. Qh3 Nh7 27. Ng6+
Kg8 28. Rg1 fxg6 29. Rxg6+ Kh8 30. Rag1 Bh4 31. Qxh4 Re7 32. f6 1-0

[Event "TCh-TUR 2011"]
[Site "Konya TUR"]
[Date "2011.07.05"]
[Round "9"]
[White "Bolat, Ahmet"]
[Black "Okus, Melih"]
[Result "1-0"]
[WhiteElo "2074"]
[BlackElo "1893"]
[WhiteTeam "Mersin Ezgi Satranc Kulubu"]
[BlackTeam "Celikkol Turizm Pamukkale Universitesi S.K."]
[WhiteFideId "6327923"]
[BlackFideId "6305407"]
[EventDate "2011.06.28"]

1. g3 d5 2. Bg2 g6 3. Nf3 Bg7 4. O-O e5 5. c4 Ne7 6. cxd5 Nxd5 7. Nc3 O-O 8. Qb3
Nb6 9. d3 Be6 10. Qc2 Nc6 11. Ng5 Bd7 12. f4 Nd4 13. Qd1 Bc6 14. fxe5 Bxg2 15.
Kxg2 Bxe5 16. e3 Nc6 17. Nf3 Bg7 18. Qe2 Qd7 19. e4 Rad8 20. Rd1 Nd4 21. Nxd4
Bxd4 22. Bh6 Rfe8 23. Qf3 Re6 24. Rd2 Rf6 25. Qd1 Rd6 26. Qc2 Bg7 27. Bg5 Nc4
28. Re2 Rxd3 29. Nd5 Rxd5 30. exd5 Qxd5+ 31. Qe4 f6 32. Qxd5+ Rxd5 33. Bf4 Ne5
34. Rf1 Bf8 35. Rd2 Rxd2+ 36. Bxd2 Kf7 37. h3 Ke6 38. g4 Bd6 39. Be3 a6 40. Rc1
Kd5 41. Rd1+ Ke6 42. Bd4 Nc6 43. Re1+ Kf7 44. Bf2 Ne5 45. Bg3 Ke6 46. Kf2 Kd5
47. Ke2 Ke4 48. Rf1 Be7 49. Re1 Bd6 50. Rf1 Be7 51. g5 fxg5 52. Bxe5 Kxe5 53.
Rf7 Bd6 54. Rxh7 Kf4 55. Kf2 Ke4 56. Rh6 Kf5 57. Kf3 Be5 58. Rh7 b6 59. b3 a5
60. Re7 Bd6 61. Re8 Kf6 62. Ke4 Kf7 63. Ra8 Ke6 64. Rc8 Bh2 65. Rf8 Bd6 66. Rf3
Be5 67. Rd3 Bd6 68. Rd5 Kf6 69. Rb5 Bc5 70. Kd5 Be3 71. Kc6 Bf4 72. Rd5 Kg7 73.
a3 Kh6 74. Rd7 Be5 75. b4 axb4 76. axb4 g4 77. hxg4 Bd6 78. Rxd6 cxd6 79. Kxb6 1-0

[Event "TCh-TUR 2011"]
[Site "Konya TUR"]
[Date "2011.07.05"]
[Round "9"]
[White "Komut, Kaan"]
[Black "Burneckas, Yunus"]
[Result "1/2-1/2"]
[WhiteElo "1917"]
[BlackElo "1920"]
[WhiteTeam "Celikkol Turizm Pamukkale Universitesi S.K."]
[BlackTeam "Mersin Ezgi Satranc Kulubu"]
[WhiteFideId "6309992"]
[BlackFideId "6312659"]
[EventDate "2011.06.28"]

1. e4 c6 2. d4 d5 3. Nc3 dxe4 4. Nxe4 Bf5 5. Ng3 Bg6 6. Nf3 Nd7 7. h4 h6 8. Bd3
Bxd3 9. Qxd3 e6 10. Bd2 Ngf6 11. O-O-O Qc7 12. Rhe1 O-O-O 13. Qe2 Kb8 14. Ne5
Nxe5 15. dxe5 Nd5 16. c4 Nb4 17. Bxb4 Bxb4 18. Rf1 Rxd1+ 19. Rxd1 Rd8 20. Ne4
Be7 21. f4 Rxd1+ 22. Qxd1 Qd8 23. Nd6 Bxd6 24. exd6 c5 25. g3 Qd7 26. Qd3 Kc8
27. Qh7 Qxd6 28. Qxg7 Qd3 29. Qf8+ Kd7 30. Qxf7+ Kd6 31. Qf8+ Kd7 32. Qg7+ Kc6
33. b3 Qe3+ 34. Kb2 Qd2+ 35. Ka3 Qb4+ 36. Kb2 Qd2+ 1/2-1/2

[Event "TCh-TUR 2011"]
[Site "Konya TUR"]
[Date "2011.07.05"]
[Round "9"]
[White "Soysal, Serkan"]
[Black "Sevgi, Volkan"]
[Result "1-0"]
[WhiteElo "1795"]
[BlackElo "1912"]
[WhiteTeam "Celikkol Turizm Pamukkale Universitesi S.K."]
[BlackTeam "Mersin Ezgi Satranc Kulubu"]
[WhiteFideId "6349250"]
[BlackFideId "6325335"]
[EventDate "2011.06.28"]

1. e4 c6 2. d4 d5 3. e5 Bf5 4. Nf3 e6 5. Be2 Nd7 6. O-O c5 7. Be3 Rc8 8. c4 cxd4
9. Nxd4 Bxb1 10. Rxb1 dxc4 11. Qa4 a6 12. Rfd1 Ne7 13. Nxe6 fxe6 14. Bb6 Qxb6
15. Qxd7+ Kf7 16. Rd6 Qc7 17. Qxe6+ Ke8 18. Rc1 b5 19. Rc3 Rd8 20. Rf3 Rxd6 21.
exd6 Qd8 22. Rf4 g6 23. Bf3 Qd7 24. Qf7+ Kd8 25. Qxf8+ Rxf8 26. Rxf8+ Qe8 27.
Rxe8+ Kxe8 28. dxe7 Kxe7 29. Kf1 Kd6 30. Ke2 Kc5 31. Kd2 Kd4 32. a3 a5 33. Bd1
g5 34. b3 c3+ 35. Ke2 h5 36. Bc2 g4 37. h3 Kd5 38. hxg4 hxg4 39. Kd3 b4 40. axb4
axb4 41. g3 1-0

[Event "TCh-TUR 2011"]
[Site "Konya TUR"]
[Date "2011.07.05"]
[Round "9"]
[White "Agamaliev, Gamil"]
[Black "Erturan, Yakup"]
[Result "1/2-1/2"]
[WhiteTitle "GM"]
[BlackTitle "IM"]
[WhiteElo "2523"]
[BlackElo "2346"]
[WhiteTeam "Yapi Kredi Spor Kulubu"]
[BlackTeam "Manisa Doruk Koleji S.K."]
[WhiteFideId "13400215"]
[BlackFideId "6301410"]
[EventDate "2011.06.28"]

1. Nf3 d5 2. d4 Nf6 3. c4 c6 4. cxd5 cxd5 5. Nc3 Nc6 6. Bf4 a6 7. Ne5 e6 8. e3
Bd7 9. Bd3 Be7 10. O-O O-O 11. Qf3 g6 12. Bh6 Re8 13. Rad1 Bd6 14. Bf4 Bxe5 15.
Bxe5 Nxe5 16. dxe5 Nh5 17. g4 Ng7 18. Qf6 Rf8 19. e4 Bc6 20. Qxd8 Rfxd8 21. f4
Rd7 22. Bc2 Rad8 23. Rd4 dxe4 24. Rxd7 Rxd7 25. Bxe4 h5 26. h3 hxg4 27. hxg4 Rd4
28. Re1 g5 29. fxg5 Ne8 30. Kf2 Nc7 31. Ke3 Rb4 32. g6 Bxe4 33. gxf7+ Kxf7 34.
Nxe4 Nd5+ 35. Kd3 Rxb2 36. Rf1+ Kg6 37. Nc5 Rxa2 38. Nxe6 Ra4 39. Nc5 Rxg4 1/2-1/2

[Event "TCh-TUR 2011"]
[Site "Konya TUR"]
[Date "2011.07.05"]
[Round "9"]
[White "Secer, Ata"]
[Black "Guliev, Logman"]
[Result "1/2-1/2"]
[WhiteTitle "FM"]
[BlackTitle "IM"]
[WhiteElo "2329"]
[BlackElo "2459"]
[WhiteTeam "Manisa Doruk Koleji S.K."]
[BlackTeam "Yapi Kredi Spor Kulubu"]
[WhiteFideId "6303293"]
[BlackFideId "13400061"]
[EventDate "2011.06.28"]

1. e4 c5 2. Nf3 d6 3. d4 cxd4 4. Nxd4 Nf6 5. Nc3 a6 6. Be3 e6 7. f3 Nc6 8. Qd2
Be7 9. O-O-O O-O 10. g4 Nxd4 11. Bxd4 b5 12. Kb1 Bb7 13. Bd3 Rc8 14. h4 b4 15.
Ne2 e5 16. Be3 d5 17. exd5 Nxd5 18. Be4 Qc7 19. g5 Rfd8 20. Qc1 Qa5 21. Rd3 Qc7
22. Rhd1 Nxe3 23. Rxd8+ Bxd8 24. Qxe3 Be7 25. Nc1 a5 26. Rd2 Ba6 27. Bf5 Rd8 28.
Rxd8+ Bxd8 29. Bd3 Bc8 30. f4 Qe7 31. fxe5 Bc7 32. Qe4 g6 33. Qa8 Qd8 34. Bc4
Kg7 35. Qf3 Bf5 36. Qf4 Qd1 37. Bd3 Be6 38. a3 bxa3 39. bxa3 Qe1 40. Qf6+ Kg8
41. h5 Qxe5 42. hxg6 hxg6 43. Qxe5 Bxe5 44. Nb3 Bf4 45. Nxa5 Bxg5 46. c4 Be3 47.
Nc6 Kg7 48. Kc2 g5 49. Kd1 f5 50. Ne7 Kf6 51. Nd5+ Bxd5 52. cxd5 g4 53. Ke2 f4
54. Be4 Kg5 55. a4 Bb6 56. a5 Bxa5 57. Kf2 Bc7 58. d6 Bxd6 59. Bc6 Be7 60. Kg2
Bb4 61. Bb7 Be1 62. Kf1 Bc3 63. Kg2 Bf6 64. Bc6 Be7 65. Bb7 Kh5 66. Kf2 Kh4 67.
Kg2 Kh5 68. Kf2 Bh4+ 69. Ke2 Kg5 70. Bc6 Bg3 71. Bb7 Bh2 72. Kf2 Kh4 73. Bg2
Bg3+ 74. Ke2 Bh2 75. Kf2 Bg3+ 76. Ke2 Kh5 77. Bc6 Kg6 78. Bb7 Kf6 79. Bc6 Bh4
80. Bb7 Ke5 81. Bc6 Kd4 82. Bb7 Be7 83. Bc6 Ke5 84. Kf2 Bc5+ 85. Kg2 Kd6 86. Bb7
Kc7 87. Ba6 f3+ 1/2-1/2

[Event "TCh-TUR 2011"]
[Site "Konya TUR"]
[Date "2011.07.05"]
[Round "9"]
[White "Kerigan, Demre"]
[Black "Shimanov, Aleksandr"]
[Result "0-1"]
[BlackTitle "GM"]
[WhiteElo "2134"]
[BlackElo "2583"]
[WhiteTeam "Yapi Kredi Spor Kulubu"]
[BlackTeam "Manisa Doruk Koleji S.K."]
[WhiteFideId "6307841"]
[BlackFideId "4198603"]
[EventDate "2011.06.28"]

1. e4 g6 2. d4 d6 3. Nc3 Nf6 4. Be3 a6 5. h3 Bg7 6. e5 Nfd7 7. f4 c5 8. Nf3 O-O
9. Bc4 cxd4 10. Bxd4 dxe5 11. fxe5 e6 12. O-O Nc6 13. Bb3 Nxd4 14. Qxd4 Nxe5 15.
Qe4 Nxf3+ 16. Rxf3 Qd4+ 17. Qxd4 Bxd4+ 18. Kh1 b5 19. Rd1 Bg7 20. Rfd3 Bb7 21.
Kg1 Rac8 22. Rd6 Bxc3 23. bxc3 Rxc3 24. Rd7 Be4 25. Ra7 Bxc2 26. Rc1 Rfc8 27.
Rf1 R8c7 28. Rxc7 Rxc7 29. Rc1 Bxb3 30. Rxc7 Bxa2 31. Ra7 b4 32. Rxa6 Bd5 33.
Rb6 b3 34. Kf2 g5 35. g3 Kg7 36. Ke3 Kf6 37. Kd4 Kf5 38. Rb8 h5 39. Rb4 f6 40.
Rb5 h4 41. gxh4 gxh4 42. Ke3 Ke5 43. Rb6 f5 44. Rb4 Kf6 45. Rb8 e5 46. Rb6+ Ke7
47. Kd2 f4 48. Kd3 Kd7 49. Rh6 e4+ 50. Kd4 e3 51. Rg6 b2 0-1

[Event "TCh-TUR 2011"]
[Site "Konya TUR"]
[Date "2011.07.05"]
[Round "9"]
[White "Diril, Dogus"]
[Black "Yurtseven, Melih"]
[Result "0-1"]
[WhiteElo "1612"]
[BlackElo "2050"]
[WhiteTeam "Manisa Doruk Koleji S.K."]
[BlackTeam "Yapi Kredi Spor Kulubu"]
[WhiteFideId "6324240"]
[BlackFideId "6312160"]
[EventDate "2011.06.28"]

1. e4 c6 2. Nf3 d5 3. Nc3 Bg4 4. h3 Bxf3 5. Qxf3 e6 6. exd5 cxd5 7. Bb5+ Nc6 8.
O-O Nf6 9. Re1 Bd6 10. d3 O-O 11. Bxc6 bxc6 12. Bf4 Rb8 13. Bxd6 Qxd6 14. Rab1
Rb7 15. Qe2 Rfb8 16. Na4 Nd7 17. b3 Qa3 18. c4 d4 19. Qe4 Qd6 20. c5 Qd5 21.
Qxd5 exd5 22. Re2 Kf8 23. Rc1 Re8 24. Rxe8+ Kxe8 25. Re1+ Kd8 26. Rc1 Nb8 27.
Kf1 Re7 28. Re1 Na6 29. Rxe7 Kxe7 30. a3 Nc7 31. Nb2 Nb5 32. a4 Nc7 33. a5 Ne6
34. Na4 Nf4 35. Nb2 Kd7 36. b4 Ne6 37. Ke2 Nc7 38. Kd2 Na6 39. Kc2 Nxb4+ 40. Kb3
Na6 41. Na4 Ke6 42. Kc2 h5 43. Kd2 Ke5 44. Ke2 g5 45. Kf3 f5 46. g3 Nb4 47. Nb2
Na2 48. Nd1 Nc1 49. Nb2 g4+ 50. hxg4 hxg4+ 51. Kg2 Nb3 52. Na4 Nxa5 53. Nb2 Nb3
54. Na4 0-1

[Event "TCh-TUR 2011"]
[Site "Konya TUR"]
[Date "2011.07.05"]
[Round "9"]
[White "Kose, Serkan"]
[Black "Yurtseven, Can"]
[Result "0-1"]
[BlackTitle "FM"]
[WhiteElo "2150"]
[BlackElo "2330"]
[WhiteTeam "Deniz Genclik S.K."]
[BlackTeam "Isek Aquamatch S.K."]
[WhiteFideId "6301584"]
[BlackFideId "6300081"]
[EventDate "2011.06.28"]

1. e4 g6 2. d4 Bg7 3. c3 d6 4. Bc4 Nf6 5. f3 c6 6. Be3 Nbd7 7. Bb3 e5 8. Ne2 d5
9. exd5 Nxd5 10. Bxd5 cxd5 11. Qb3 Nb6 12. dxe5 Bxe5 13. Bxb6 Qxb6 14. Qxd5 O-O
15. Qxe5 Qxb2 16. Nd2 Qxa1+ 17. Kf2 Qxa2 18. Ne4 Qe6 19. Nf6+ Kh8 20. Qg5 Re8
21. Nxe8 Qxe8 22. Qf6+ Kg8 23. Rd1 Be6 24. Nf4 Bc4 25. Rd4 b5 26. g4 Qf8 27. Nh5
h6 28. Ng3 Re8 29. Ne4 Re6 30. Qf4 Kg7 31. h4 Qe7 32. g5 h5 33. Qd2 Qc7 34. Kg2
Qe5 35. Rd8 a5 36. Ra8 Bd5 37. Rxa5 Bxe4 38. fxe4 Qxe4+ 39. Kf2 Qxh4+ 40. Kg2
Qg4+ 41. Kf2 Qf5+ 42. Kg2 Re4 0-1

[Event "TCh-TUR 2011"]
[Site "Konya TUR"]
[Date "2011.07.05"]
[Round "9"]
[White "Atalik, Ekaterina"]
[Black "Kazimova, Narmin Nizami qizi"]
[Result "1-0"]
[WhiteTitle "IM"]
[BlackTitle "WIM"]
[WhiteElo "2436"]
[BlackElo "2262"]
[WhiteTeam "Isek Aquamatch S.K."]
[BlackTeam "Deniz Genclik S.K."]
[WhiteFideId "4130189"]
[BlackFideId "13402951"]
[EventDate "2011.06.28"]

1. d4 Nf6 2. c4 e6 3. Nc3 Bb4 4. e3 b6 5. Ne2 c5 6. a3 Ba5 7. Rb1 Na6 8. g3 Bb7
9. d5 b5 10. Bg2 bxc4 11. e4 exd5 12. exd5 O-O 13. O-O d6 14. Qa4 Bb6 15. Qxc4
Nc7 16. Rd1 Re8 17. Be3 Bc8 18. h3 Bf5 19. Rbc1 Qe7 20. g4 Bg6 21. Bg5 h6 22.
Bh4 Bh7 23. f4 g5 24. Bg3 Ne4 25. Nxe4 Bxe4 26. Nc3 Bxg2 27. Kxg2 Reb8 28. Ne4
Ne8 29. fxg5 hxg5 30. Rf1 Bd8 31. Rc2 Rb7 32. Be1 Qf8 33. Bc3 Qh6 34. Re2 Be7
35. Ng3 Bf8 36. Nh5 Ng7 37. Nf6+ Kh8 38. h4 gxh4 39. Rh1 Re7 40. Rf2 Re3 41. Bd2
Nf5 42. gxf5 Rg3+ 43. Kf1 Qxf6 44. Rxh4+ Kg8 45. Bc3 Rxc3 46. Rg4+ Bg7 47. Qxc3
Kf8 48. Qxf6 Bxf6 49. Ra4 Bd4 50. Re2 Be5 51. Kg2 Ke7 52. Kf3 Kf6 53. Ke4 Bd4
54. Kd3 Kxf5 55. Re7 f6 56. Raxa7 Rg8 57. Rab7 Rg3+ 58. Kc4 Rg4 59. b4 Be5+ 60.
Kb5 c4 61. Rbc7 c3 62. a4 1-0

[Event "TCh-TUR 2011"]
[Site "Konya TUR"]
[Date "2011.07.05"]
[Round "9"]
[White "Topak, Engin"]
[Black "Zeytinoglu, Nasir Ekin"]
[Result "1/2-1/2"]
[WhiteTitle "FM"]
[WhiteElo "2306"]
[BlackElo "1970"]
[WhiteTeam "Deniz Genclik S.K."]
[BlackTeam "Isek Aquamatch S.K."]
[WhiteFideId "6300324"]
[BlackFideId "6310478"]
[EventDate "2011.06.28"]

1. d4 Nf6 2. c4 g6 3. Nc3 Bg7 4. e4 d6 5. Nf3 O-O 6. h3 Na6 7. Bg5 Qe8 8. Be2 e5
9. d5 Nh5 10. g3 f6 11. Bd2 f5 12. exf5 e4 13. Nh4 e3 14. Bxe3 Nxg3 15. fxg3
Qxe3 16. Qd3 Qxd3 17. Bxd3 Be5 18. O-O Nc5 19. Bc2 gxf5 20. Nxf5 Bxf5 21. Bxf5
Bxc3 22. bxc3 Rae8 23. Rf3 Kg7 24. Raf1 1/2-1/2

[Event "TCh-TUR 2011"]
[Site "Konya TUR"]
[Date "2011.07.05"]
[Round "9"]
[White "Ustundag, Nefise Melis"]
[Black "Firat, Deniz"]
[Result "1-0"]
[WhiteElo "1695"]
[BlackElo "1635"]
[WhiteTeam "Deniz Genclik S.K."]
[BlackTeam "Isek Aquamatch S.K."]
[WhiteFideId "6325637"]
[BlackFideId "6323332"]
[EventDate "2011.06.28"]

1. Nf3 c5 2. g3 g6 3. Bg2 Bg7 4. d3 Nc6 5. O-O b6 6. c3 Bb7 7. Nbd2 Nh6 8. e4
O-O 9. Qc2 e6 10. Nb3 Rc8 11. Be3 Kh8 12. Ne1 d5 13. Qc1 Ng8 14. f4 d4 15. Bd2
a5 16. a4 c4 17. dxc4 Ba6 18. Rf2 Bxc4 19. Qc2 Nh6 20. h3 Ng8 21. Nf3 dxc3 22.
Bxc3 Bd3 23. Bxg7+ Kxg7 24. Qc3+ f6 25. Rd2 Nb4 26. Qd4 Bc4 27. Qc3 Qe7 28. Qe3
Bxb3 29. Qxb3 Rfd8 30. Rad1 Rxd2 31. Rxd2 Rc1+ 32. Kh2 g5 33. Nd4 gxf4 34. Nxe6+
Kh6 35. Nxf4 Qc5 36. Rd1 Rxd1 37. Qxd1 Qg5 38. h4 Qe5 39. Qd8 Ne7 40. Qf8# 1-0

[Event "TCh-TUR 2011"]
[Site "Konya TUR"]
[Date "2011.07.05"]
[Round "9"]
[White "Hasbay, Erim"]
[Black "Ererdem, Gani Eren"]
[Result "0-1"]
[WhiteElo "1651"]
[BlackElo "1996"]
[WhiteTeam "Isek Aquamatch S.K."]
[BlackTeam "Deniz Genclik S.K."]
[WhiteFideId "6348238"]
[BlackFideId "6310915"]
[EventDate "2011.06.28"]

1. e4 d6 2. d4 Nf6 3. Nc3 g6 4. Be3 a6 5. f3 b5 6. a3 Bb7 7. Nh3 Nbd7 8. Nf2 Rc8
9. d5 c5 10. dxc6 Rxc6 11. a4 b4 12. Nd5 Qa5 13. Qd2 Nxd5 14. exd5 Rc7 15. Qd4
Nf6 16. Qa7 Nxd5 17. Bd3 Bg7 18. Bd4 e5 19. Bb5+ Ke7 20. O-O Ra8 0-1

[Event "TCh-TUR 2011"]
[Site "Konya TUR"]
[Date "2011.07.05"]
[Round "9"]
[White "Abdimanoglu, Beste Basak"]
[Black "Yigit, Aleyna"]
[Result "0-1"]
[WhiteElo "1751"]
[BlackElo "1732"]
[WhiteTeam "Deniz Genclik S.K."]
[BlackTeam "Isek Aquamatch S.K."]
[WhiteFideId "6300286"]
[BlackFideId "6300235"]
[EventDate "2011.06.28"]

1. Nf3 d5 2. d3 c6 3. g3 Nf6 4. Bg2 Bg4 5. Nbd2 Nbd7 6. c4 e5 7. O-O Bc5 8. Nb3
Bb6 9. Qc2 Qe7 10. Bg5 h6 11. Bxf6 Nxf6 12. h3 Bf5 13. Qc3 Bc7 14. cxd5 cxd5 15.
Nh4 Bh7 16. Rac1 Bd6 17. Qa5 g5 18. Nf3 O-O 19. Nh2 b6 20. Qb5 e4 21. Ng4 Nxg4
22. hxg4 Rad8 23. Nd4 Qb7 24. dxe4 dxe4 25. Nf5 Bxf5 26. Qxf5 Rde8 27. Rc4 Re5
28. Bxe4 Rxf5 29. Bxb7 Ra5 30. Rc6 Rb8 31. Rxd6 Rxb7 32. a3 Re7 33. e3 Kg7 34.
Kg2 Ra4 35. Rh1 f6 36. Kf3 Rc4 37. Rhd1 Rc2 38. R1d2 Rc4 39. R6d4 Rc5 40. Re4
Rec7 41. Red4 Re5 42. Rd7+ Re7 43. Rxc7 Rxc7 44. Ke4 Rc4+ 45. Kd5 Rxg4 46. Rd4
Rxd4+ 47. exd4 h5 48. Ke4 Kf7 49. Kf5 b5 50. f3 Ke7 51. b3 a5 52. Ke4 Kd6 53. d5
b4 54. axb4 axb4 55. Kf5 Kxd5 56. f4 g4 57. Kxf6 h4 58. gxh4 g3 59. h5 g2 60. h6
g1=Q 61. h7 Qh2 62. Kg7 Qg3+ 0-1

[Event "TCh-TUR 2011"]
[Site "Konya TUR"]
[Date "2011.07.06"]
[Round "10"]
[White "Keler, Faruk"]
[Black "Yeke, Serkan"]
[Result "1/2-1/2"]
[BlackTitle "FM"]
[WhiteElo "2231"]
[BlackElo "2293"]
[WhiteTeam "Deniz Genclik S.K."]
[BlackTeam "Gazi Universitesi S.K."]
[WhiteFideId "6302734"]
[BlackFideId "6301142"]
[EventDate "2011.06.28"]

1. e4 e5 2. Nf3 Nc6 3. Bb5 Nf6 4. O-O Nxe4 5. d4 Nd6 6. Bxc6 dxc6 7. dxe5 Nf5 8.
Qxd8+ Kxd8 9. Nc3 Bd7 10. h3 b6 11. b3 Kc8 12. Bb2 h6 13. Rad1 Ne7 14. Ne2 Ng6
15. c4 a5 16. a4 c5 17. Nc3 Be6 18. Kh2 Kb7 19. g4 h5 20. Kg3 Be7 21. Rh1 f5 22.
g5 f4+ 23. Kh2 Bf5 24. Rhe1 Rhe8 25. Rd2 Rad8 26. Nd5 Bf8 27. Bc1 Be7 28. Nxf4
Nxf4 29. Rxd8 Rxd8 30. Bxf4 Rd3 31. Re3 Rxe3 32. Bxe3 Bc2 33. Nh4 Kc6 34. f4 Kd7
35. f5 Bxb3 36. f6 gxf6 37. gxf6 Bxc4 38. fxe7 Kxe7 39. Bg5+ Ke6 40. Bd8 Kd7 41.
Bf6 Bb3 42. Nf5 Bxa4 43. Ng7 Bb3 44. Nxh5 a4 45. Nf4 Be6 46. h4 a3 47. h5 a2 48.
h6 a1=Q 49. h7 Qb2+ 50. Ng2 Qa2 51. h8=Q Bd5 52. Qg7+ Kc8 53. Kh3 Be6+ 54. Kh4
c4 55. Qg3 c3 56. Bg5 Qb1 57. Qe3 Qf5 58. Kg3 b5 59. Qf4 b4 60. Qxf5 Bxf5 61.
Ne3 b3 62. Nd1 1/2-1/2

[Event "TCh-TUR 2011"]
[Site "Konya TUR"]
[Date "2011.07.06"]
[Round "10"]
[White "Abdimanoglu, Beste Basak"]
[Black "Sasmazel, Burcu"]
[Result "0-1"]
[WhiteElo "1751"]
[BlackElo "1911"]
[WhiteTeam "Deniz Genclik S.K."]
[BlackTeam "Gazi Universitesi S.K."]
[WhiteFideId "6300286"]
[BlackFideId "6319106"]
[EventDate "2011.06.28"]

1. d4 Nf6 2. c4 d6 3. Nc3 Nbd7 4. e4 e5 5. d5 Be7 6. Be2 O-O 7. Nf3 c6 8. O-O a6
9. b4 cxd5 10. exd5 a5 11. Ba3 axb4 12. Bxb4 Ne8 13. Nb5 Nb6 14. Nd2 Bd7 15. Nc3
Nc7 16. Nde4 Bf5 17. Qb3 Bxe4 18. Nxe4 Na4 19. Rac1 b6 20. Nc3 Nxc3 21. Bxc3 Na6
22. Qc2 f5 23. Rb1 Qc7 24. Bd3 e4 25. Be2 Nc5 26. Bd4 Bf6 27. Bxc5 Qxc5 28. Rb5
Qc7 29. Kh1 Bd4 30. Rb3 Qe7 31. Rh3 g6 32. Qd2 Qg7 33. Qc2 Ra5 34. a3 Rfa8 35.
Qa2 Bc5 36. Qc2 Rxa3 37. Rxa3 Rxa3 38. h3 Qc3 39. Qb1 Ra5 40. Kg1 Qd2 41. Bd1
Bd4 42. Bc2 Ra1 0-1

[Event "TCh-TUR 2011"]
[Site "Konya TUR"]
[Date "2011.07.06"]
[Round "10"]
[White "Cinar Corlulu, Nilufer"]
[Black "Kazimova, Narmin Nizami qizi"]
[Result "0-1"]
[WhiteTitle "WIM"]
[BlackTitle "WIM"]
[WhiteElo "1991"]
[BlackElo "2262"]
[WhiteTeam "Gazi Universitesi S.K."]
[BlackTeam "Deniz Genclik S.K."]
[WhiteFideId "6300243"]
[BlackFideId "13402951"]
[EventDate "2011.06.28"]

1. e4 c5 2. Nf3 d6 3. d4 cxd4 4. Nxd4 Nf6 5. Nc3 a6 6. Be2 e6 7. O-O Be7 8. Be3
O-O 9. f4 Nc6 10. Kh1 Qc7 11. Qe1 Nxd4 12. Bxd4 b5 13. a3 Bb7 14. Bd3 Bc6 15.
Qg3 Qb7 16. Rae1 b4 17. axb4 Qxb4 18. Ne2 Qb7 19. e5 dxe5 20. Bxe5 Be4 21. Bxe4
Qxe4 22. Nd4 Qg6 23. Nc6 Rfe8 24. Qb3 Bc5 25. Rf3 Ne4 26. f5 exf5 27. Rxe4 fxe4
28. Rg3 Qf5 29. Rxg7+ Kf8 30. Qc4 Rxe5 31. Rg3 Qf2 0-1

[Event "TCh-TUR 2011"]
[Site "Konya TUR"]
[Date "2011.07.06"]
[Round "10"]
[White "Can, Emre"]
[Black "Topak, Engin"]
[Result "1/2-1/2"]
[WhiteTitle "GM"]
[BlackTitle "FM"]
[WhiteElo "2487"]
[BlackElo "2306"]
[WhiteTeam "Gazi Universitesi S.K."]
[BlackTeam "Deniz Genclik S.K."]
[WhiteFideId "6302181"]
[BlackFideId "6300324"]
[EventDate "2011.06.28"]

1. e4 Nf6 2. e5 Nd5 3. c4 Nb6 4. c5 Nd5 5. Bc4 e6 6. d4 b6 7. cxb6 axb6 8. Bxd5
exd5 9. Nc3 c6 10. Nf3 Na6 11. Bg5 Be7 12. Bxe7 Qxe7 13. O-O Nc7 14. Qb3 Rb8 15.
Nd1 O-O 16. Ne3 f5 17. Qc2 g6 18. a4 Ba6 19. Rfc1 Ne6 20. Qd2 g5 21. b4 g4 22.
Ne1 h5 23. b5 Bb7 24. N3c2 f4 25. Nb4 Rbc8 26. a5 bxa5 27. Rxa5 c5 28. Nbc2 c4
29. Ra7 Rb8 30. Rb1 Qh7 31. f3 Kh8 32. Rba1 Rg8 33. R1a3 Qf5 34. Kf1 Rg7 35. Ke2
Ng5 36. Kd1 gxf3 37. gxf3 d6 38. exd6 Qf8 39. Qb4 Nf7 40. d7 Nd6 41. Qc5 Rxd7
42. Ra2 Qg7 43. Kc1 Nf5 44. Kb2 Qf6 45. Kc3 Re8 46. R2a6 Qg7 47. Rb6 Kh7 48. Kb4
Ree7 49. Ka5 Rc7 50. Rbxb7 Rxb7 51. Rxb7 Rxb7 52. Qxd5 Ra7+ 1/2-1/2

[Event "TCh-TUR 2011"]
[Site "Konya TUR"]
[Date "2011.07.06"]
[Round "10"]
[White "Dastan, Batuhan"]
[Black "Olcum, Ahmet"]
[Result "1-0"]
[WhiteElo "2191"]
[BlackElo "1920"]
[WhiteTeam "Gazi Universitesi S.K."]
[BlackTeam "Deniz Genclik S.K."]
[WhiteFideId "6300014"]
[BlackFideId "6311393"]
[EventDate "2011.06.28"]

1. e4 d6 2. d4 Nf6 3. Nc3 g6 4. h3 Bg7 5. Nf3 O-O 6. Be3 c6 7. a4 Nbd7 8. a5 e5
9. dxe5 dxe5 10. Qd6 Re8 11. Bc4 Bf8 12. Qd3 h6 13. Nh4 Kg7 14. Bxh6+ Kxh6 15.
Bxf7 Bb4 16. Bxg6 Nf8 17. Qe3+ Kg7 18. Rd1 Qe7 19. Bxe8 Qxe8 20. Qg5+ Kf7 21.
O-O Bxa5 22. f4 Ne6 23. Qg6+ Ke7 24. Nf5+ Kf8 25. Qxf6+ Qf7 26. Qh6+ Kg8 27. Rd3
Bb6+ 28. Kh1 exf4 29. Rxf4 Bd8 30. Rxd8+ Nxd8 31. Rg4+ 1-0

[Event "TCh-TUR 2011"]
[Site "Konya TUR"]
[Date "2011.07.06"]
[Round "10"]
[White "Kulaots, Kaido"]
[Black "Parligras, Mircea-Emilian"]
[Result "1/2-1/2"]
[WhiteTitle "GM"]
[BlackTitle "GM"]
[WhiteElo "2607"]
[BlackElo "2626"]
[WhiteTeam "Gazi Universitesi S.K."]
[BlackTeam "Deniz Genclik S.K."]
[WhiteFideId "4500261"]
[BlackFideId "1204297"]
[EventDate "2011.06.28"]

1. e4 c5 2. Nf3 d6 3. d4 cxd4 4. Nxd4 Nf6 5. Nc3 a6 6. Bg5 e6 7. f4 Qc7 8. Bxf6
gxf6 9. f5 Nc6 10. fxe6 fxe6 11. Bc4 Nxd4 12. Qxd4 Rg8 13. O-O-O Bh6+ 14. Kb1
Bf4 15. Ne2 Be5 16. Qd3 Rxg2 17. Qh3 Rf2 18. Rdg1 Qf7 19. Qh4 Rf3 20. Rg2 f5 21.
Rhg1 fxe4 22. Qxe4 Rf1+ 23. Rxf1 Qxf1+ 24. Nc1 Qf7 25. Nd3 Qf1+ 26. Nc1 Qf7 27.
Nd3 Qf1+ 28. Nc1 1/2-1/2